Teoría del sujeto

Na minha lista:
Detalhes bibliográficos
Autor principal: Badiou, Alain (Autor)
Formato: Livro
Idioma:espanhol
Publicado em: Buenos Aires Prometeo 2009
Edição:1a. ed
Assuntos:
Tags: Adicionar Tag
Sem tags, seja o primeiro a adicionar uma tag!

MARC

LEADER 00000cam a2200000 a 4500
001 UCG1949
003 CL-VaPUC
008 100531e20090000AG |||||||||||||||||spa|d
020 |a 9789875742970 
082 0 4 |a 111  |b BAD  |2 21 
100 0 |a Badiou, Alain  |e author  |9 550078 
245 1 0 |a Teoría del sujeto 
250 |a 1a. ed 
300 |a 351 p 
942 |c BK 
945 |d 20100531 00:00:00  |a dcastane 
260 |a Buenos Aires  |b Prometeo  |c 2009 
650 0 |a Ontología   |9 256850 
650 7 |a SER  |2 CL-VaPUC  |9 320176 
650 0 |a Filosofía contemporánea  |9 265372 
583 |a last modification  |c 20130618 03:58:24  |k Rodrigo Vera 
999 |c 341196  |d 341194 
952 |0 0  |1 0  |4 0  |6 111_000000000000000_BAD_2009  |7 0  |8 A  |9 436533  |a FDOPOS  |b FDOPOS  |d 2019-11-22  |i 4780175  |o 111 BAD 2009  |p 4780175  |r 2025-01-22  |w 2019-11-22  |y BK  |k DLH 
952 |0 0  |1 0  |4 0  |6 111_000000000000000_BAD_2009  |7 0  |8 A  |9 436534  |a BIBEDU  |b BIBEDU  |d 2019-11-22  |i 4980557  |o 111 BAD 2009  |p 4980557  |r 2019-11-22  |w 2019-11-22  |y BK  |k FIL